000 01165nam0a2200349 4500
001 RU\NLR\BIBL_A\012317004
005 20200915145845.0
010 _a978-5-00154-161-5
_93000
021 _aRU
_bКН-П-20-021744
_9КН-П-20-1696
035 _a(NLR Aleph) 012317004
035 _a(RuMoRGB)010323231
090 _a11401018
_c11401018
100 _a20200818d2020 b y0rusy50 ca
101 0 _arus
102 _aRU
105 _a |||z|||000 y
181 0 _ai
_baxxe
182 0 _an
200 1 _aСпи, моя радость
_e[для чтения взрослыми детям]
_fЕлена Ульева
203 _aТекст
_bвизуальный
_cнепосредственный
210 _aМосква
_cClever
_cКлевер-Медиа-Групп
_d2020
215 _a[32] с.
_cцв. ил.
_d21x21
225 1 _aСонные сказки
333 _a0+
686 0 _aШ9(2)60=Р7-2
700 1 _aУльева
_bЕ. А.
_gЕлена Александровна
942 _cBOOK
980 _aNBR
980 _aNB